书目信息 |
| 题名: |
2010年注册会计师考试应试指导及全真模拟测试
|
|
| 作者: | 刘圣妮 编著 | |
| 分册: | 审计 | |
| 出版信息: | 北京 北京大学出版社 2010 |
|
| 页数: | 507页 | |
| 开本: | 26cm | |
| 丛书名: | ||
| 单 册: | ||
| 中图分类: | F23 , F239.0 | |
| 科图分类: | ||
| 主题词: | 会计--考核--自学参考资料 , 审计学--考核--自学参考资料 , 会计 , 审计学 | |
| 电子资源: | ||
| ISBN: | 978-7-301-16996-4 | |
| 000 | 01136nam0 2200337 450 | |
| 001 | 004557718 | |
| 005 | 20110224091210.89 | |
| 010 | @a978-7-301-16996-4@dCNY46.00 | |
| 035 | @a004557718 | |
| 100 | @a20100602d2010 em y0chiy0110 ea | |
| 101 | 0 | @achi |
| 102 | @aCN@b110000 | |
| 105 | @ay z 000yy | |
| 106 | @ar | |
| 200 | 1 | @a2010年注册会计师考试应试指导及全真模拟测试@92010 nian zhu ce kuai ji shi kao shi ying shi zhi dao ji quan zhen mo ni ce shi@i审计@f刘圣妮编著 |
| 210 | @a北京@c北京大学出版社@d2010 | |
| 215 | @a507页@d26cm | |
| 300 | @a2010年注册会计师考试轻松过关系列 | |
| 300 | @a注册会计师全国统一考试辅导用书 | |
| 304 | @a东奥会计在线组编 | |
| 308 | @a系列一 | |
| 330 | @a本书含注册会计师考试审计大纲、命题规律总结及趋势预测、同步辅导及强化训练、跨章节综合题演练、全真模拟测试,并附录2009年试题及参考答案。 | |
| 606 | 0 | @a会计@x考核@j自学参考资料 |
| 606 | 0 | @a审计学@x考核@j自学参考资料 |
| 606 | 0 | @a会计 |
| 606 | 0 | @a审计学 |
| 690 | @aF23@v4 | |
| 690 | @aF239.0@v4 | |
| 701 | 0 | @a刘圣妮@9liu sheng ni@4编著 |
| 801 | 0 | @aCN@bNLC@c20110224 |
| 905 | @b205997705-732@h599770-73@dF23@e388@f4 | |
| 2010年注册会计师考试应试指导及全真模拟测试.审计/刘圣妮编著.-北京:北京大学出版社,2010 |
| 507页;26cm |
| 2010年注册会计师考试轻松过关系列.-注册会计师全国统一考试辅导用书 |
| ISBN 978-7-301-16996-4:CNY46.00 |
| 本书含注册会计师考试审计大纲、命题规律总结及趋势预测、同步辅导及强化训练、跨章节综合题演练、全真模拟测试,并附录2009年试题及参考答案。 |
| ● |
| 相关链接 |
|
|
|
|
正题名:2010年注册会计师考试应试指导及全真模拟测试
索取号:F23/388
 
预约/预借
| 序号 | 登录号 | 条形码 | 馆藏地/架位号 | 状态 | 备注 |
| 1 | 599770 | 205997705 | 第一样本阅览室/ [索取号:F23/388] | 在馆 | |
| 2 | 599771 | 205997714 | 第一借阅区/ [索取号:F23/388] | 在馆 | |
| 3 | 599772 | 205997723 | 第一借阅区/ [索取号:F23/388] | 在馆 | |
| 4 | 599773 | 205997732 | 第一借阅区/ [索取号:F23/388] | 在馆 |